Movies Quiz

Random Movies or Show Quiz

Best in Show Quiz Stats

 Plays Quiz not verified by Sporcle

Score 0/39 Timer 06:00
0 Plays Today
% Correct
Bloodhound
77.5%
Norwich Terrier
76.5%
nut
72.5%
Standard Poodle
72.5%
Eugene Levy
66.7%
Christopher Guest
65.7%
bear
65.7%
Cookie Fleck
64.7%
Winky
64.7%
Catherine O'Hara
60.8%
Rhapsody in White
56.9%
Harlan Pepper
55.9%
Gerry Fleck
54.9%
Jane Lynch
54.9%
Parker Posey
51%
candle wax
44.1%
Shih Tzu
43.1%
Ventriloquy
41.2%
Fred Willard
40.2%
Michael McKean
39.2%
% Correct
Hubert
38.2%
Jennifer Coolidge
38.2%
Beatrice
35.3%
freakish
35.3%
Easter Island
35.3%
Casanova
35.3%
Scott Donlan
32.4%
Meg Swan
30.4%
Hamilton Swan
30.4%
Sherri Ann Cabot
28.4%
Miss Agnes
28.4%
Weimeraner
25.5%
Christy Cummings
25.5%
John Michael Higgins
25.5%
Stefan Vanderhoof
25.5%
Buck Laughlin
19.6%
Trevor Beckwith
17.6%
Michael Hitchcock
13.7%
Jim Piddock
11.8%

You're not logged in!

Compare scores with friends on all Sporcle quizzes.
OR
Log In

Show Comments

Extras

Top Quizzes Today


Score Distribution

Your Account Isn't Verified!

In order to create a playlist on Sporcle, you need to verify the email address you used during registration. Go to your Sporcle Settings to finish the process.

Report this User

Report this user for behavior that violates our Community Guidelines.

Details: